| 000 | 01157nam a2200301 4500 | ||
|---|---|---|---|
| 001 | 0000015696 | ||
| 003 | CO-CtgCURN | ||
| 005 | 20250506203458.0 | ||
| 007 | ta | ||
| 008 | 160627s1994 000 0 eng d | ||
| 020 | _a9582805544 | ||
| 040 |
_aCO-CtgCURN _bspa _ccoctgcurn |
||
| 082 | 0 |
_a232.9 _bS154v |
|
| 100 | 1 | _aSalibi, Kamal. | |
| 245 | 1 | 3 |
_aLa vida secreta de Jesus / _cKamal Salibi , traducción Lilia Guerrero. |
| 260 |
_aBogotá : _bIntermedio, _c1994. |
||
| 300 | _a208 p. | ||
| 336 | _2rdacontent | ||
| 337 |
_2rdamedia _asin mediacion _bn |
||
| 338 |
_2rdacarrier _avolumen _bnc |
||
| 500 | _aTraducción de: Conspiracy in Jerusalem. | ||
| 505 | 8 | _aEl problema.--Lo que los hechos de los apostoles no dicen sobre Pable.--La prueba del evangelio.--El testimonio del Coran.--·Que tanto sabia Juan?.--De Arabia a Palestina.--La dinastia de la cruz.--El dios que se convirtio en Cristo.--La traicion de Judas | |
| 650 | 1 | 4 |
_aJesucristo _vHistoricidad. |
| 700 | 1 |
_aGuerrero, Lilia, _eTraductor. |
|
| 908 | _a160627 | ||
| 942 |
_cBK _h232.9 _iS154v _2ddc |
||
| 999 |
_c48117 _d48117 |
||